President By Vice President Quiz Stats

 Plays Quiz Updated Nov 4, 2018

Score 0/50 Timer 07:00
0 Plays Today
Vice President President % Correct
Al GoreBill Clinton
88%
Joe BidenBarack Obama
87.8%
Dick CheneyGeorge W. Bush
86.8%
Mike PenceDonald Trump
85.5%
Lyndon B. JohnsonJohn F. Kennedy
84.7%
George BushRonald Reagan
84.6%
Thomas JeffersonJohn Adams
83.8%
John AdamsGeorge Washington
83.1%
Gerald FordRichard Nixon
83%
Harry S. TrumanFranklin D. Roosevelt
79.7%
Dan QuayleGeorge Bush
78.4%
Richard NixonDwight D. Eisenhower
77.7%
Andrew JohnsonAbraham Lincoln
73.6%
Spiro AgnewRichard Nixon
73.5%
Walter MondaleJimmy Carter
70.4%
Aaron BurrThomas Jefferson
69.4%
Theodore RooseveltWilliam McKinley
65.8%
Calvin CoolidgeWarren G. Harding
63.2%
Martin Van BurenAndrew Jackson
62.9%
John TylerWilliam Henry Harrison
60%
Chester ArthurJames A. Garfield
58.2%
Millard FillmoreZachary Taylor
55.8%
Hubert HumphreyLyndon B. Johnson
54.1%
Nelson RockefellerGerald Ford
52.2%
John C. Calhoun (2nd Term)Andrew Jackson
40.9%
Vice President President % Correct
John C. Calhoun (1st Term)John Quincy Adams
38.8%
Hannibal HamlinAbraham Lincoln
38.8%
Henry A. WallaceFranklin D. Roosevelt
34.9%
George Clinton (2nd Term)James Madison
34.6%
John Nance GarnerFranklin D. Roosevelt
34.3%
George Clinton (1st Term)Thomas Jefferson
33.9%
John C. BreckinridgeJames Buchanan
31.2%
Adlai E. StevensonGrover Cleveland
30.4%
Elbridge GerryJames Madison
30%
Alben BarkleyHarry S. Truman
28.3%
Schuyler ColfaxUlysses S. Grant
27.1%
Charles FairbanksTheodore Roosevelt
26.1%
Charles DawesCalvin Coolidge
24.8%
George M. DallasJames K. Polk
24.6%
Thomas R. MarshallWoodrow Wilson
24%
Charles CurtisHerbert Hoover
23.8%
William KingFranklin Pierce
23.5%
Daniel D. TompkinsJames Monroe
23.3%
James S. ShermanWilliam Howard Taft
23.3%
Levi P. MortonBenjamin Harrison
22%
William WheelerRutherford B. Hayes
21.5%
Richard M. JohnsonMartin Van Buren
20.6%
Thomas HendricksGrover Cleveland
20.1%
Henry WilsonUlysses S. Grant
19.3%
Garret HobartWilliam McKinley
18.7%

You're not logged in!

Compare scores with friends on all Sporcle quizzes.
OR
Log In

Sporcle TV

Today on Sporcle TV


Watch our educational content, quiz creation guides, and fun videos on Sporcle TV.

Show Comments

Extras

Top Quizzes Today


Score Distribution

Your Account Isn't Verified!

In order to create a playlist on Sporcle, you need to verify the email address you used during registration. Go to your Sporcle Settings to finish the process.

Report this User

Report this user for behavior that violates our Community Guidelines.

Details: